[Event "VIE-ch U13"]
[Site "Hanoi"]
[Date "2022.06.16"]
[Round "8"]
[White "Do, Quang Minh"]
[Black "Pham, Nguyen Tuan Anh"]
[Result "0-1"]
[WhiteElo "2344"]
[BlackElo "2379"]
[PlyCount "44"]
[EventDate "2022.06.11"]
[EventType "swiss"]
[EventRounds "9"]
[EventCountry "VIE"]
[SourceTitle "EXT 2023"]
[Source "ChessBase"]
[SourceDate "2022.10.05"]
[SourceVersion "1"]
[SourceVersionDate "2022.10.05"]
[SourceQuality "1"]

1. e4 e5 2. Nf3 d6 3. d4 exd4 4. Nxd4 Nf6 5. Nc3 Be7 6. Bc4 0-0 7. f3 Nc6 8. Be3 Nxd4 9. Qxd4 c6 10. a3 Be6 11. 0-0 Nd7 12. Bxe6 fxe6 13. f4 d5 14. exd5 exd5 15. Rad1 Nb6 16. Qe5 Nc4 17. Qe6+ Kh8 18. Bd4 Bf6 19. b3 Bxd4+ 20. Rxd4 Qb6 21. Ne2 Rae8 22. Qd7 Rxe2 0-1

[Event "VIE-ch U13"]
[Site "Hanoi"]
[Date "2022.06.14"]
[Round "5"]
[White "Nguyen, Nghia Gia An"]
[Black "Do, Quang Minh"]
[Result "1-0"]
[WhiteElo "2382"]
[BlackElo "2344"]
[PlyCount "43"]
[EventDate "2022.06.11"]
[EventType "swiss"]
[EventRounds "9"]
[EventCountry "VIE"]
[SourceTitle "EXT 2023"]
[Source "ChessBase"]
[SourceDate "2022.10.05"]
[SourceVersion "1"]
[SourceVersionDate "2022.10.05"]
[SourceQuality "1"]

1. e4 e5 2. Nf3 Nc6 3. d4 exd4 4. Nxd4 Bc5 5. Be3 Qf6 6. c3 Nge7 7. g3 d6 8. Bg2 Be6 9. 0-0 Bxd4 10. cxd4 Bc4 11. Re1 0-0-0 12. Nc3 Qg6 13. Qa4 d5 14. b3 Bd3 15. exd5 Nb8 16. Rac1 Qa6 17. Bg5 Qxa4 18. Nxa4 Rxd5 19. Bxe7 Rxd4 20. Nc5 c6 21. Red1 b6 22. Nxd3 1-0

[Event "VIE-ch U09"]
[Site "Hai Phong"]
[Date "2018.07.09"]
[Round "5"]
[White "Nguyen, Kim Khanh Hung"]
[Black "Do, Quang Minh"]
[Result "0-1"]
[WhiteElo "1932"]
[BlackElo "1927"]
[PlyCount "78"]
[EventDate "2018.07.07"]
[EventType "swiss"]
[EventRounds "9"]
[EventCountry "VIE"]
[SourceTitle "EXT 2019"]
[Source "ChessBase"]
[SourceDate "2018.10.10"]
[SourceVersion "1"]
[SourceVersionDate "2018.10.10"]
[SourceQuality "1"]

1. e4 e5 2. Nf3 Nc6 3. Bc4 Bc5 4. c3 Nf6 5. d4 exd4 6. cxd4 Bb4+ 7. Bd2 0-0 8. e5 Ne4 9. 0-0 Nxd2 10. Nbxd2 d6 11. exd6 Qxd6 12. d5 Bxd2 13. Nxd2 Ne5 14. Bb3 Qg6 15. Qc2 c6 16. Qxg6 hxg6 17. dxc6 Nxc6 18. Nf3 Be6 19. Bxe6 fxe6 20. Rfe1 Rae8 21. Rad1 e5 22. Rd7 Rf7 23. Rxf7 Kxf7 24. Kf1 Kf6 25. Re2 Re7 26. Ke1 e4 27. Nd2 Ne5 28. Rxe4 Rd7 29. Nf3 Nxf3+ 30. gxf3 Rd6 31. Re3 Re6 32. Rxe6+ Kxe6 33. Ke2 g5 34. h3 Ke5 35. Ke3 g6 36. Kd3 Kd5 37. b3 b6 38. a3 a6 39. b4 b5 0-1

[Event "VIE-ch U09"]
[Site "Ho Chi Minh City"]
[Date "2014.07.15"]
[Round "4"]
[White "Thanh, Huu Dat"]
[Black "Do, Quang Minh"]
[Result "1-0"]
[WhiteElo "1528"]
[BlackElo "1488"]
[PlyCount "87"]
[EventDate "2014.07.13"]
[EventType "swiss"]
[EventRounds "9"]
[EventCountry "VIE"]
[SourceTitle "EXT 2016"]
[Source "ChessBase"]
[SourceDate "2015.10.08"]
[SourceVersion "1"]
[SourceVersionDate "2015.10.08"]
[SourceQuality "1"]

1. c4 e6 2. Nc3 Nf6 3. b3 g6 4. Bb2 Bg7 5. g3 0-0 6. Bg2 c6 7. Nf3 d5 8. cxd5 exd5 9. 0-0 Be6 10. d3 Nbd7 11. Rc1 Re8 12. Qd2 Rc8 13. Nd4 Kh8 14. Rfe1 Ng4 15. Nxe6 Rxe6 16. Na4 Ngf6 17. Qf4 Kg8 18. Bxf6 Qxf6 19. Qxf6 Bxf6 20. Bh3 Re7 21. Nc5 Rc7 22. Nxd7 Rcxd7 23. Bxd7 Rxd7 24. Rc2 Re7 25. Kg2 Bd4 26. e4 f5 27. Rce2 Bc3 28. exf5 Rxe2 29. Rxe2 gxf5 30. Re7 Bd4 31. Rxb7 Bb6 32. Kf3 h6 33. Kf4 Bxf2 34. Kxf5 Bg1 35. Kg6 Kf8 36. h3 Bf2 37. g4 Be3 38. Rc7 Ke8 39. Rxc6 Kd7 40. Ra6 Kc7 41. Kh5 Kb7 42. Rxh6 Bxh6 43. Kxh6 d4 44. g5 1-0

[Event "VIE-ch U09"]
[Site "Ho Chi Minh City"]
[Date "2014.07.13"]
[Round "2"]
[White "Do, Quang Minh"]
[Black "Vu, Hoang Gia Bao"]
[Result "0-1"]
[WhiteElo "1488"]
[BlackElo "1533"]
[PlyCount "100"]
[EventDate "2014.07.13"]
[EventType "swiss"]
[EventRounds "9"]
[EventCountry "VIE"]
[SourceTitle "EXT 2016"]
[Source "ChessBase"]
[SourceDate "2015.10.08"]
[SourceVersion "1"]
[SourceVersionDate "2015.10.08"]
[SourceQuality "1"]

1. e4 e5 2. Nf3 Nc6 3. Bc4 Bc5 4. c3 Nf6 5. d4 exd4 6. cxd4 Bb4+ 7. Bd2 Bxd2+ 8. Nbxd2 d5 9. exd5 Nxd5 10. Qb3 Nce7 11. 0-0 0-0 12. Ne4 b6 13. Nc3 Nxc3 14. bxc3 Ng6 15. Rfe1 Bb7 16. Ne5 Qf6 17. Nxg6 Qxg6 18. Bd5 c6 19. Be4 Qd6 20. Qc2 h6 21. Re3 Rfe8 22. Rae1 Kf8 23. Bf3 Rxe3 24. Rxe3 Re8 25. Rxe8+ Kxe8 26. Qe2+ Qe7 27. Kf1 Qxe2+ 28. Kxe2 Ba6+ 29. Ke3 Kd7 30. Kf4 Kd6 31. g4 Bc4 32. a3 Be6 33. g5 hxg5+ 34. Kxg5 c5 35. Kf4 cxd4 36. cxd4 Bd5 37. Be2 Bb3 38. Bf3 b5 39. Ke3 a5 40. Kd3 Bd5 41. Bd1 b4 42. a4 Ke6 43. Bg4+ Kf6 44. f4 Be6 45. Bd1 Kf5 46. Ke3 b3 47. Kf3 Bc4 48. Ke3 Kf6 49. Ke4 b2 50. Bc2 Ba2 0-1

[Event "VIE-ch U09"]
[Site "Ho Chi Minh City"]
[Date "2014.07.13"]
[Round "1"]
[White "Le, Dang Thanh An"]
[Black "Do, Quang Minh"]
[Result "0-1"]
[WhiteElo "1539"]
[BlackElo "1488"]
[PlyCount "80"]
[EventDate "2014.07.13"]
[EventType "swiss"]
[EventRounds "9"]
[EventCountry "VIE"]
[SourceTitle "EXT 2016"]
[Source "ChessBase"]
[SourceDate "2015.10.08"]
[SourceVersion "1"]
[SourceVersionDate "2015.10.08"]
[SourceQuality "1"]

1. e4 c5 2. Nf3 d6 3. Bc4 Nc6 4. c3 Nf6 5. d3 g6 6. Bg5 Bg7 7. Nbd2 0-0 8. 0-0 a6 9. h3 Na5 10. Nh2 b5 11. Bb3 Nxb3 12. Nxb3 Be6 13. f4 Qb6 14. Kh1 Rfe8 15. Qc2 Nh5 16. Rf3 Nf6 17. Raf1 Rac8 18. a3 c4 19. Nd2 cxd3 20. Rxd3 d5 21. Bxf6 Bxf6 22. exd5 Bf5 23. Rff3 Bxd3 24. Qxd3 Red8 25. Ng4 Bg7 26. Qc2 Rxd5 27. Ne4 Rdd8 28. Ng5 e6 29. Qb3 Qd6 30. Rf1 Qd5 31. Qc2 Qd3 32. Qc1 a5 33. Nf2 Qd7 34. Rd1 Qe7 35. Re1 b4 36. axb4 axb4 37. Qe3 bxc3 38. bxc3 Rxc3 39. Qb6 Qc7 40. Qb2 Rxh3+ 0-1